Integración en América Latina y el Caribe e incorporación en los mercados internacionales /

Spremljeno u:
Bibliografski detalji
Glavni autor: Reyes, Giovanni E.
Format: Tekst
Teme:
Oznake: Dodaj oznaku
Bez oznaka, Budi prvi tko označuje ovaj zapis!

MARC

LEADER 00000 a a2200000 04500
001 3525
003
040
100 |a Reyes, Giovanni E.  
245 |a Integración en América Latina y el Caribe e incorporación en los mercados internacionales /  |c Giovanni E. Reyes 
650 |a INTEGRACION REGIONAL  
650 |a COMERCIO INTERNACIONAL  
650 |a ESTADISTICAS COMERCIALES  
773 |g volumen 52, número 11; páginas 966-978  
999 |c 20678  |d 20678